000 00751pam a2200229 a 4500
001 4801795
005 20180208091725.0
008 880524s1989 enka b 001 0 eng
010 _a 88019012
020 _a052130444X
040 _aDLC
_cDLC
_dDLC
041 _aeng
080 _a330.0151 NEU
082 0 0 _a330.0151 NEU
_219
100 1 _a52
101 _aEKO
245 1 0 _aConceptual anomalies in economics and statistics :
_cLeland Gerson Neuberg.
504 _aBibliography: p. 337-344.
906 _a7
_bcbc
_corignew
_d1
_eocip
_f19
_gy-gencatlg
942 _2ddc
_cBK
999 _c42176
_d42176